书目信息 |
| 题名: |
威尼斯日记
|
|
| 作者: | 阿城 著 | |
| 分册: | ||
| 出版信息: | 北京 中华书局 2015.8 |
|
| 页数: | 149页 | |
| 开本: | 21cm | |
| 丛书名: | ||
| 单 册: | ||
| 中图分类: | I267.5 | |
| 科图分类: | ||
| 主题词: | 随笔--Sui Bi--中国--当代--作品集 , 中国--Zhong Guo , 作品集--Zuo Pin Ji | |
| 电子资源: | ||
| ISBN: | 978-7-101-10758-6 | |
| 000 | 00910nam0 22002531 450 | |
| 001 | 0101082420 | |
| 005 | 20161202094538.20 | |
| 010 | @a978-7-101-10758-6@b精装@dCNY49.00 | |
| 100 | @a20150723d2015 em y0chiy50 ea | |
| 101 | 0 | @achi |
| 102 | @aCN@b110000 | |
| 105 | @ay z 000cd | |
| 106 | @ar | |
| 200 | 1 | @a威尼斯日记@AWei Ni Si Ri Ji@f阿城著 |
| 210 | @a北京@c中华书局@d2015.8 | |
| 215 | @a149页@d21cm | |
| 330 | @a作家阿城随笔代表作之一,1992年阿城获意大利诺尼诺国际文学奖,并应邀担任威尼斯的驻市作家,这本书是阿城为期三个月的意大利旅居生活的纪录。在台湾初版,即在当地文化界引起轰动。1998年作家社引进出版,此后十多年再无重版。此为最显阿城文字功力之作。 | |
| 606 | 0 | @a随笔@ASui Bi@y中国@z当代@j作品集 |
| 606 | 0 | @a中国@AZhong Guo |
| 606 | 0 | @a作品集@AZuo Pin Ji |
| 690 | @aI267.5@v5 | |
| 701 | 0 | @a阿城@AA Cheng@f1949-@4著 |
| 801 | 0 | @aCN@bTANGWEI@c20161128 |
| 905 | @b0951075-9@dI267.5@e1995@f5 | |
| 威尼斯日记/阿城著.-北京:中华书局,2015.8 |
| 149页;21cm |
| ISBN 978-7-101-10758-6(精装):CNY49.00 |
| 作家阿城随笔代表作之一,1992年阿城获意大利诺尼诺国际文学奖,并应邀担任威尼斯的驻市作家,这本书是阿城为期三个月的意大利旅居生活的纪录。在台湾初版,即在当地文化界引起轰动。1998年作家社引进出版,此后十多年再无重版。此为最显阿城文字功力之作。 |
| ● |
| 相关链接 |
|
|
|
|
正题名:威尼斯日记
索取号:I267.5/1995
 
预约/预借
| 序号 | 登录号 | 条形码 | 馆藏地/架位号 | 状态 | 备注 |
| 1 | 0951075 | 209510750 | 第一样本阅览室/ [索取号:I267.5/1995] | 在馆 | |
| 2 | 0951076 | 209510769 | 第二借阅区/ [索取号:I267.5/1995] | 在馆 | |
| 3 | 0951077 | 209510778 | 第二借阅区/ [索取号:I267.5/1995] | 在馆 | |
| 4 | 0951078 | 209510787 | 教育系资料室/ [索取号:I267.5/1995] | 在馆 | |
| 5 | 0951079 | 209510796 | 教育系资料室/ [索取号:I267.5/1995] | 在馆 |